| 000 | 00566ata a2200217 4500 | ||
|---|---|---|---|
| 005 | 20250819134831.0 | ||
| 008 | 150526b1993 xxu||||| |||| 00| 0 spa d | ||
| 020 | _a9789684325525 | ||
| 041 | _aESP | ||
| 082 | _a340 V762i | ||
| 100 |
_aVilloro Toranzo, Miguel _935041 |
||
| 245 | _aIntroducción al Estudio del derecho | ||
| 260 | _aMéxico | ||
| 260 | _bEditorial Porrúa | ||
| 260 | _c1993 | ||
| 300 | _a506 páginas | ||
| 490 | _aDirección y Administración de Empresas | ||
| 490 | _aInvestigación Criminal | ||
| 650 | _aDERECHO | ||
| 942 |
_cBK _2ddc |
||
| 999 |
_c6032 _d6032 |
||